[Event "24. Open Catalunya Escacs Club"]
[Site "Barcelona ESP"]
[Date "2010.04.03"]
[Round "8.7"]
[White "Castrillo Mansego, Pablo"]
[Black "Bergez, Luc"]
[Result "0-1"]
[WhiteElo "1892"]
[BlackElo "2392"]
[PlyCount "64"]
[EventDate "2010.03.27"]
[EventType "swiss"]
[EventRounds "9"]
[EventCountry "ESP"]
[Source "lmi"]
[SourceDate "2010.03.27"]

1. e4 g6 2. d4 Bg7 3. Nf3 d6 4. Nc3 Nd7 5. Bc4 Nb6 6. Bb3 Nf6 7. Bf4 O-O 8. Qd2
c5 9. dxc5 dxc5 10. Qxd8 Rxd8 11. Bc7 Rf8 12. Bxb6 axb6 13. O-O b5 14. e5 Ng4
15. Nxb5 Nxe5 16. Nxe5 Bxe5 17. c3 Bd7 18. Bc4 Ra4 19. b3 Bxb5 20. Bxb5 Ra3 21.
Rae1 Bf6 22. Re2 Rfa8 23. Ba4 c4 24. Rd1 e6 25. Re4 Rc8 26. Bb5 cxb3 27. axb3
Rxc3 28. Ba4 Ra2 29. Rb4 Rd3 30. Rf1 Bd4 31. g3 b6 32. Rc4 Bc5 0-1

[Event "24. Open Catalunya Escacs Club"]
[Site "Barcelona ESP"]
[Date "2010.04.03"]
[Round "8.8"]
[White "Saiz Rodrigo, Josep Fernando"]
[Black "Rios, Alejandro"]
[Result "0-1"]
[WhiteElo "1999"]
[BlackElo "2284"]
[PlyCount "116"]
[EventDate "2010.03.27"]
[EventType "swiss"]
[EventRounds "9"]
[EventCountry "ESP"]
[Source "lmi"]
[SourceDate "2010.03.27"]

1. e4 e5 2. Nc3 Nc6 3. g3 Bc5 4. Bg2 a6 5. Nge2 d6 6. h3 Be6 7. O-O Qd7 8. Kh2
f6 9. d3 Nge7 10. Nd5 O-O 11. f4 Ba7 12. f5 Bf7 13. c3 Nxd5 14. exd5 Ne7 15.
Qb3 c6 16. dxc6 bxc6 17. Qa4 d5 18. g4 a5 19. Ng3 Bb6 20. Bd2 Rab8 21. Rae1 Bc7
22. Qc2 Rfd8 23. h4 c5 24. g5 Kh8 25. Bh3 Qd6 26. Re2 Be8 27. gxf6 gxf6 28. Bg4
Bd7 29. Nh5 Rg8 30. Bh3 Be8 31. Ng3 Bc6 32. Nh5 Be8 33. Ng3 Bf7 34. Rg2 Qa6 35.
Bh6 e4 36. c4 exd3 37. Qxd3 Qxc4 38. Qxc4 dxc4 39. Bf4 Bxf4 40. Rxf4 Nc6 41.
Rff2 Bd5 42. Rg1 Ne5 43. Rgf1 Nd3 44. Re2 Rxb2 45. Rxb2 Nxb2 46. Nh5 Rf8 47.
Rc1 Nd3 48. Rc3 Ne5 49. Bf1 Nf3+ 50. Kg3 Nd2 51. Rc1 c3 52. a3 Nxf1+ 53. Rxf1
c2 54. Kf2 Bb3 55. Ng3 Rd8 56. Rc1 Rd1 57. Ne2 h5 58. Kg3 Kg8 0-1

[Event "24. Open Catalunya Escacs Club"]
[Site "Barcelona ESP"]
[Date "2010.04.03"]
[Round "8.9"]
[White "Arroyo Mateo, Jose Miguel"]
[Black "Burgos Figueroa, Carlos E"]
[Result "0-1"]
[WhiteElo "1980"]
[BlackElo "2272"]
[PlyCount "112"]
[EventDate "2010.03.27"]
[EventType "swiss"]
[EventRounds "9"]
[EventCountry "ESP"]
[Source "lmi"]
[SourceDate "2010.03.27"]

1. e4 c5 2. d4 cxd4 3. c3 d5 4. exd5 Qxd5 5. cxd4 e5 6. Nf3 Nc6 7. Nc3 Bb4 8.
Bd2 Bxc3 9. Bxc3 Be6 10. dxe5 O-O-O 11. Qxd5 Bxd5 12. Nd2 Nh6 13. f3 Rhe8 14.
Bb5 f6 15. Nc4 Bxc4 16. Bxc4 Nxe5 17. Bb3 Nxf3+ 18. Kf2 Ng5 19. Bc2 Ne4+ 20.
Bxe4 Rxe4 21. Rhe1 Rde8 22. Rxe4 Rxe4 23. Rc1 Kd7 24. Kf3 Rc4 25. Rd1+ Ke8 26.
Rd5 Ng8 27. g4 h6 28. Ra5 a6 29. Rd5 Ne7 30. Rd6 Nc6 31. h3 b5 32. Ke3 Ke7 33.
Rd3 b4 34. Be1 a5 35. a3 Ke6 36. b3 Rc2 37. axb4 axb4 38. Bg3 Ne5 39. Bxe5 Kxe5
40. Rd8 Rc3+ 41. Rd3 Rxd3+ 42. Kxd3 Kd5 43. Ke3 g6 44. h4 h5 45. gxh5 gxh5 46.
Kd3 f5 47. Ke3 Ke5 48. Kf3 f4 49. Kf2 Ke4 50. Ke2 f3+ 51. Kf2 Kf4 52. Kf1 Kg3
53. Kg1 Kxh4 54. Kf2 Kg4 55. Kf1 Kg3 56. Kg1 f2+ 0-1

[Event "24. Open Catalunya Escacs Club"]
[Site "Barcelona ESP"]
[Date "2010.04.03"]
[Round "8.10"]
[White "Mazet, Julien"]
[Black "Medina De Baets, Vicente Jose"]
[Result "0-1"]
[WhiteElo "2208"]
[BlackElo "1860"]
[PlyCount "65"]
[EventDate "2010.03.27"]
[EventType "swiss"]
[EventRounds "9"]
[EventCountry "ESP"]
[Source "lmi"]
[SourceDate "2010.03.27"]

1. d4 Nf6 2. Nf3 g6 3. c4 Bg7 4. Nc3 d6 5. Bg5 O-O 6. e3 c5 7. d5 h6 8. Bh4
Nbd7 9. Be2 Ne5 10. Nd2 Ne8 11. f4 Nd7 12. e4 Bf6 13. Bg3 e5 14. dxe6 fxe6 15.
O-O Bd4+ 16. Kh1 e5 17. Qc2 Nc7 18. Bg4 h5 19. Bxd7 Bxd7 20. fxe5 Rxf1+ 21.
Rxf1 dxe5 22. Nf3 Qe7 23. Nxd4 cxd4 24. Nd5 Nxd5 25. cxd5 Bb5 26. Rc1 h4 27.
Bf2 Qg5 28. Re1 Rf8 29. Kg1 d3 30. Qc3 h3 31. Bg3 d2 32. Rd1 Be2 33. Qc2 0-1

[Event "24. Open Catalunya Escacs Club"]
[Site "Barcelona ESP"]
[Date "2010.04.04"]
[Round "9.1"]
[White "Perpinya Rofes, Lluis Maria"]
[Black "Lorenzo De La Riva, Lazaro"]
[Result "1/2-1/2"]
[WhiteElo "2308"]
[BlackElo "2383"]
[PlyCount "127"]
[EventDate "2010.03.27"]
[EventType "swiss"]
[EventRounds "9"]
[EventCountry "ESP"]
[Source "lmi"]
[SourceDate "2010.03.27"]

1. e4 e5 2. Nf3 Nc6 3. Bb5 a6 4. Ba4 Nf6 5. Qe2 b5 6. Bb3 Be7 7. a4 Bb7 8. O-O
O-O 9. c3 d6 10. d4 Qb8 11. Nbd2 Na5 12. Bc2 c5 13. dxe5 dxe5 14. axb5 axb5 15.
Qxb5 Qc7 16. Re1 Bd6 17. Qe2 Ba6 18. Bd3 c4 19. Bc2 Qb6 20. Nf1 Nb3 21. Be3 Qc6
22. Rad1 Rfc8 23. Bg5 Bc5 24. N3d2 h6 25. Bxf6 Qxf6 26. Nxb3 cxb3 27. Bd3 Bxd3
28. Rxd3 Ra2 29. Red1 Rca8 30. R1d2 Ra1 31. Rd5 Be7 32. g3 Rc1 33. Rd1 Rc2 34.
R5d2 Rxd2 35. Rxd2 Bc5 36. Kg2 Qb6 37. Qc4 Ra7 38. Rd5 Rc7 39. Qe2 Re7 40. Ne3
Re6 41. Rd7 Bxe3 42. Qxe3 Qc6 43. Rd8+ Kh7 44. Rb8 f5 45. Rxb3 f4 46. Qe2 Rf6
47. c4 Rd6 48. Rb5 Rf6 49. f3 fxg3 50. hxg3 Rg6 51. Rxe5 Qf6 52. Rf5 Qd4 53. c5
Rc6 54. Qf2 Qc4 55. Rd5 Ra6 56. Rd2 Ra1 57. Rc2 Qd3 58. Rd2 Qb1 59. g4 Qh1+ 60.
Kg3 g5 61. Rd7+ Kg8 62. Rd8+ Kf7 63. Rd7+ Ke8 64. Rd8+ 1/2-1/2

[Event "24. Open Catalunya Escacs Club"]
[Site "Barcelona ESP"]
[Date "2010.04.04"]
[Round "9.2"]
[White "Visa Jordana, Joel"]
[Black "Cruz, Filemon"]
[Result "0-1"]
[WhiteElo "2203"]
[BlackElo "2436"]
[PlyCount "106"]
[EventDate "2010.03.27"]
[EventType "swiss"]
[EventRounds "9"]
[EventCountry "ESP"]
[Source "lmi"]
[SourceDate "2010.03.27"]

1. d4 Nf6 2. c4 g6 3. Nc3 d5 4. Nf3 Bg7 5. cxd5 Nxd5 6. Na4 O-O 7. e4 Nb6 8.
Be2 Bg4 9. Be3 Nc6 10. d5 Bxf3 11. gxf3 Ne5 12. Qb3 Qc8 13. h3 Ned7 14. Rc1
Nxa4 15. Qxa4 Bxb2 16. Rc2 Nb6 17. Qb3 Bg7 18. a4 Nd7 19. Qc4 Nb6 20. Qb4 Be5
21. a5 Bd6 22. Qc3 Nd7 23. f4 b6 24. e5 Bc5 25. Bg4 Qd8 26. e6 Bxe3 27. fxe3
Nc5 28. exf7+ Rxf7 29. O-O Qd6 30. Qc4 Kg7 31. Rcf2 Raf8 32. axb6 axb6 33. Qd4+
Qf6 34. Qc4 Qh4 35. Qd4+ Rf6 36. e4 Qg3+ 37. Kh1 Qd3 38. Qxd3 Nxd3 39. Rd2 Nc5
40. e5 Rxf4 41. Rxf4 Rxf4 42. d6 cxd6 43. exd6 exd6 44. Rxd6 h5 45. Bxh5 gxh5
46. Rxb6 Ne4 47. Re6 Nf6 48. Kg2 Kg6 49. Ra6 Rd4 50. Ra5 Nd5 51. Ra8 Kg5 52.
Kg3 Rd3+ 53. Kh2 Nf4 0-1

[Event "24. Open Catalunya Escacs Club"]
[Site "Barcelona ESP"]
[Date "2010.04.04"]
[Round "9.3"]
[White "Munoz Pantoja, Miguel"]
[Black "Nunez Lucero, Francisco"]
[Result "1/2-1/2"]
[WhiteElo "2459"]
[BlackElo "2184"]
[PlyCount "130"]
[EventDate "2010.03.27"]
[EventType "swiss"]
[EventRounds "9"]
[EventCountry "ESP"]
[Source "lmi"]
[SourceDate "2010.03.27"]

1. e4 e6 2. d4 d5 3. Nd2 Nf6 4. e5 Nfd7 5. Bd3 c5 6. c3 Nc6 7. Ne2 cxd4 8. cxd4
f6 9. exf6 Nxf6 10. O-O Bd6 11. f4 Qb6 12. Nf3 e5 13. fxe5 Nxe5 14. Nxe5 Bxe5
15. Kh1 Bd6 16. Bg5 O-O 17. Bxf6 Rxf6 18. Rxf6 gxf6 19. Qd2 Qc7 20. Rf1 Qg7 21.
Nc3 Be6 22. Qe2 Qf7 23. Qf3 Be7 24. Bf5 Bxf5 25. Qxf5 Rd8 26. Re1 Bb4 27. Re6
Bxc3 28. Rxf6 Qe7 29. bxc3 Qe1+ 30. Qf1 Qxc3 31. Rf4 Qc8 32. Rf5 Rf8 33. Rg5+
Kh8 34. Qe1 Qe8 35. Re5 Qb5 36. Re2 Qd3 37. h3 Qxd4 38. Rd2 Qe4 39. Qd1 Rf5 40.
Re2 Qf4 41. Qc2 Rf8 42. Qd3 d4 43. Kg1 Qc1+ 44. Kh2 Qc7+ 45. Qg3 Qxg3+ 46. Kxg3
d3 47. Rd2 Rd8 48. Kf3 Kg7 49. Ke4 Kf6 50. g3 Rd7 51. Rf2+ Ke6 52. Rd2 Rd8 53.
g4 Kf6 54. h4 h6 55. Rxd3 Rxd3 56. Kxd3 Ke5 57. Ke3 b6 58. Kf3 b5 59. Ke3 b4
60. g5 hxg5 61. hxg5 Kf5 62. Kd4 Kxg5 63. Kc4 Kf5 64. Kxb4 Ke6 65. Kb5 Kd6
1/2-1/2

[Event "24. Open Catalunya Escacs Club"]
[Site "Barcelona ESP"]
[Date "2010.04.04"]
[Round "9.4"]
[White "Cruz, Jonathan"]
[Black "Perez Mitjans, Orelvis"]
[Result "0-1"]
[WhiteElo "2442"]
[BlackElo "2392"]
[PlyCount "69"]
[EventDate "2010.03.27"]
[EventType "swiss"]
[EventRounds "9"]
[EventCountry "ESP"]
[Source "lmi"]
[SourceDate "2010.03.27"]

1. d4 d5 2. Nf3 c6 3. g3 Nf6 4. Bg2 Bf5 5. O-O h6 6. b3 e6 7. Bb2 Nbd7 8. c4 b5
9. Nbd2 bxc4 10. bxc4 Rb8 11. Qc1 Bb4 12. Nb3 O-O 13. Ne5 Nxe5 14. dxe5 Ne4 15.
Rd1 Qb6 16. e3 a5 17. f3 Nc5 18. Bd4 a4 19. Nxc5 Bxc5 20. Bxc5 Qxc5 21. cxd5
Qxc1 22. Raxc1 cxd5 23. Rd4 Rb2 24. Rxa4 Rfb8 25. g4 Bd3 26. Bf1 Bxf1 27. Rxf1
Re2 28. Rf2 Rxe3 29. f4 g5 30. Kg2 gxf4 31. Raxf4 Rb7 32. a4 Rxe5 33. a5 Re1
34. Ra2 Reb1 35. a6 0-1

[Event "24. Open Catalunya Escacs Club"]
[Site "Barcelona ESP"]
[Date "2010.04.04"]
[Round "9.5"]
[White "Bergez, Luc"]
[Black "Ridameya Tatche, Jose Miguel"]
[Result "1-0"]
[WhiteElo "2392"]
[BlackElo "2021"]
[PlyCount "97"]
[EventDate "2010.03.27"]
[EventType "swiss"]
[EventRounds "9"]
[EventCountry "ESP"]
[Source "lmi"]
[SourceDate "2010.03.27"]

1. e4 e5 2. Nf3 Nc6 3. Bc4 Nf6 4. d3 Be7 5. Nbd2 O-O 6. c3 d5 7. Bb3 dxe4 8.
dxe4 Bg4 9. h3 Bh5 10. O-O Bc5 11. Qe2 Qe7 12. Bc2 a5 13. Nc4 Ne8 14. Ne3 Bxf3
15. Qxf3 Qf6 16. Qe2 Bxe3 17. Bxe3 Qe7 18. Ba4 Nd8 19. Rfd1 Nd6 20. Qg4 Ne6 21.
Bb3 Rfe8 22. a4 Qf6 23. Rd5 Nf4 24. Rd2 Nxe4 25. Rd7 Nd6 26. Rxc7 Ne6 27. Rd7
Nf8 28. Bg5 Qg6 29. Re7 Rxe7 30. Bxe7 Qxg4 31. hxg4 Nc8 32. Ba3 Na7 33. Rd1 Nc6
34. Bxf8 Kxf8 35. Rd7 Nd8 36. Bc4 b6 37. Kf1 Rc8 38. Bd5 Ke8 39. Ra7 g6 40. Ke2
h6 41. Kd3 Ne6 42. Bxe6 fxe6 43. Rg7 Rd8+ 44. Kc2 h5 45. Rxg6 Kf7 46. gxh5 Rh8
47. g4 Rd8 48. g5 Rh8 49. Rh6 1-0

[Event "24. Open Catalunya Escacs Club"]
[Site "Barcelona ESP"]
[Date "2010.04.04"]
[Round "9.6"]
[White "Rios, Alejandro"]
[Black "Medina De Baets, Vicente Jose"]
[Result "1-0"]
[WhiteElo "2284"]
[BlackElo "1860"]
[PlyCount "51"]
[EventDate "2010.03.27"]
[EventType "swiss"]
[EventRounds "9"]
[EventCountry "ESP"]
[Source "lmi"]
[SourceDate "2010.03.27"]

1. e4 d6 2. d4 Nf6 3. Nc3 g6 4. f3 Bg7 5. Be3 O-O 6. Qd2 Re8 7. O-O-O Nfd7 8.
h4 e5 9. h5 a5 10. hxg6 hxg6 11. Bg5 Nf6 12. Bc4 Nbd7 13. d5 Nc5 14. Nge2 b6
15. Rh4 Bb7 16. Rdh1 Qc8 17. Bh6 Bh8 18. g4 Ba6 19. Bxa6 Qxa6 20. Ng3 b5 21.
Qh2 Bg7 22. Qd2 Bh8 23. Nf5 Nfd7 24. Bg5 gxf5 25. Rxh8+ Kg7 26. R1h7+ 1-0

[Event "24. Open Catalunya Escacs Club"]
[Site "Barcelona ESP"]
[Date "2010.04.04"]
[Round "9.7"]
[White "Burgos Figueroa, Carlos E"]
[Black "Villalonga Coll, Jaume"]
[Result "1-0"]
[WhiteElo "2272"]
[BlackElo "2087"]
[PlyCount "69"]
[EventDate "2010.03.27"]
[EventType "swiss"]
[EventRounds "9"]
[EventCountry "ESP"]
[Source "lmi"]
[SourceDate "2010.03.27"]

1. Nf3 Nf6 2. g3 b6 3. Bg2 Bb7 4. d3 e6 5. O-O Be7 6. Nbd2 O-O 7. e4 d6 8. Re1
c5 9. h4 Qc7 10. Nf1 Nbd7 11. N1h2 c4 12. Bg5 h6 13. Bd2 cxd3 14. cxd3 Rac8 15.
Rc1 Qb8 16. Bc3 Ne5 17. Qd2 Nxf3+ 18. Bxf3 Rfd8 19. Qf4 e5 20. Qd2 Nd7 21. Nf1
f5 22. Ne3 fxe4 23. dxe4 Rf8 24. Bg4 Nc5 25. Nd5 Rce8 26. b4 Na4 27. Ba1 Bf6
28. Bd7 b5 29. Bxe8 Qxe8 30. Rc7 Ba8 31. Rec1 Nc5 32. bxc5 Bxh4 33. cxd6 Qg6
34. Rc8 Bxg3 35. Ne7+ 1-0

[Event "24. Open Catalunya Escacs Club"]
[Site "Barcelona ESP"]
[Date "2010.04.04"]
[Round "9.8"]
[White "Capellades Subirana, Marc"]
[Black "Lleyda Naval, Justo"]
[Result "1-0"]
[WhiteElo "2254"]
[BlackElo "1971"]
[PlyCount "49"]
[EventDate "2010.03.27"]
[EventType "swiss"]
[EventRounds "9"]
[EventCountry "ESP"]
[Source "lmi"]
[SourceDate "2010.03.27"]

1. e4 e5 2. Nf3 Nc6 3. Bc4 Nf6 4. d3 Be7 5. Nc3 d6 6. h3 O-O 7. Be3 Na5 8. Bb3
Nxb3 9. axb3 a6 10. O-O Be6 11. d4 exd4 12. Nxd4 Nd7 13. f4 Nb6 14. Qe2 Qc8 15.
Rad1 Re8 16. Qf2 f5 17. Nxe6 Qxe6 18. Bxb6 cxb6 19. Qxb6 fxe4 20. Rfe1 Qc8 21.
Kh1 Bh4 22. Re2 Bf6 23. Nd5 Qf5 24. Qxb7 Bxb2 25. Qxa8 1-0

[Event "24. Open Catalunya Escacs Club"]
[Site "Barcelona ESP"]
[Date "2010.04.04"]
[Round "9.9"]
[White "Bieg Pagel, Clemens"]
[Black "Martin Grillo, Ruben"]
[Result "0-1"]
[WhiteElo "1900"]
[BlackElo "2236"]
[PlyCount "48"]
[EventDate "2010.03.27"]
[EventType "swiss"]
[EventRounds "9"]
[EventCountry "ESP"]
[Source "lmi"]
[SourceDate "2010.03.27"]

1. e4 c5 2. Nf3 d6 3. d4 cxd4 4. Nxd4 Nf6 5. Nc3 a6 6. Be3 Ng4 7. Bg5 h6 8. Bh4
g5 9. Bg3 Nc6 10. Nf5 Nge5 11. Be2 e6 12. Ne3 Bg7 13. O-O O-O 14. Nc4 Nxc4 15.
Bxc4 b5 16. Bd3 b4 17. Na4 Qa5 18. c3 bxc3 19. bxc3 Ne5 20. Bc2 Bd7 21. f4 Nc4
22. Rf3 Bxa4 23. Bxa4 Nb2 24. Qb3 Nxa4 0-1